000 00572nam a2200229Ia 4500
005 20250425161613.0
008 250425s9999 xx 000 0 und d
020 _a0471110450
041 _aeng
082 _a621.3192
100 _aBROWN, HOMER E.
245 0 _aSOLUTION OF LARGE NETWORKS BY MATRIX METHODS
250 _aS.E.
260 _aEstados Unidos
_bJOHN WILEY & SONS
_c1975
260 _aNEW YORK
300 _a258
650 _aCORRIENTE DE CORTOCIRCUITO
650 _aINGENIERIA ELECTRICA
650 _aMATRICES
942 _c01
010 _a24060
999 _c212404
_d212404